[Event "CHN-ch Blitz Open 2018"]
[Site "Tianjin"]
[Date "2018.06.07"]
[Round "2"]
[White "Xu, Yi"]
[Black "Wei, Yi"]
[Result "1/2-1/2"]
[WhiteElo "2534"]
[BlackElo "2734"]
[Annotator "TA"]
[PlyCount "68"]
[EventDate "2018.06.07"]
[EventType "blitz"]
[EventRounds "9"]
[EventCountry "CHN"]
[SourceTitle "playchess.com"]
[Source "ChessBase"]
[SourceQuality "1"]

{[%evp 18,68,14,10,6,-9,0,-6,11,-27,-10,-5,-4,0,0,11,41,19,35,28,45,3,3,0,1,0,0,0,0,0,0,0,0,0,-2,-21,-21,0,0,0,0,0,0,0,0,0,0,0,17,0,0,0,0]} 1. e4 e5 2. Nf3 Nc6 3. Bc4 Bc5 4. O-O Nf6 5. d3 a6 6. c3 Ba7 7. a4 {C54: Italienische Partie (Hauptvariante)} d6 8. Na3 h6 9. Nc2 O-O 10. Be3 {LiveBook: 29 Partien} Bb8 11. h3 Ne7 12. Re1 c6 13. Ba2 Ng6 14. d4 $146 Nxe4 15. dxe5 d5 16. c4 {[%cal Rc4d5]} Be6 (16... Nxe5 {looks sharper.} 17. cxd5 Nxf3+ 18. Qxf3 cxd5 19. Nb4 Qd6) 17. cxd5 (17. Nb4 {feels hotter.} Nxe5 18. cxd5 cxd5 19. Nxd5 Bxd5 20. Qxd5 Nxf3+ 21. gxf3 Ng5 22. Bxg5 Qxg5+ 23. Qxg5 hxg5 24. Rad1) 17... cxd5 18. Nb4 {[%cal Ra2d5]} Nxe5 19. Nxe5 Bxe5 {Die Stellung ist ausgeglichen.} 20. Bxd5 Bxd5 21. Nxd5 {[#] Schwarz muss nun Lb6 beachten.} Bxb2 22. Rb1 Nc3 23. Nxc3 Bxc3 24. Qxd8 Raxd8 25. Rec1 Bd4 26. Rxb7 Bxe3 27. fxe3 $11 {[%mdl 4096] Endspiel KTT-KTT} Rde8 28. Rb6 a5 29. Rb5 Rxe3 30. Rxa5 Ra3 31. Ra7 Ra2 32. Rcc7 Kh7 33. Rxf7 Rxf7 34. Rxf7 Rxa4 {Precision: Weiß = 64%, Schwarz = 73%.} 1/2-1/2

[Event "CHN-ch Blitz Open 2018"]
[Site "Tianjin"]
[Date "2018.06.07"]
[Round "2"]
[White "Zeng, Chongsheng"]
[Black "Li, Yankai"]
[Result "0-1"]
[WhiteElo "2532"]
[BlackElo "2435"]
[Annotator "TA"]
[PlyCount "72"]
[EventDate "2018.06.07"]
[EventType "blitz"]
[EventRounds "9"]
[EventCountry "CHN"]
[SourceTitle "playchess.com"]
[Source "ChessBase"]
[SourceQuality "1"]

{[%evp 19,72,17,29,-2,22,29,37,0,0,0,36,29,29,36,53,0,0,-119,-89,-127,-125,-127,-140,-130,-141,-145,-141,-125,-145,-145,-132,-187,-181,-170,-148,-179,-112,-152,-70,-299,-192,-169,0,-597,-589,-577,-574,-931,-573,-1173,-1129,-1021,-1061,-6195,-6179]} 1. e4 c5 2. Nf3 d6 3. d4 cxd4 4. Nxd4 Nf6 5. Nc3 a6 6. Bg5 e6 7. f4 h6 8. Bh4 Qb6 9. a3 Nbd7 {B96: Sicilian Najdorf: 6 Bg5 e6 7 f4, lines other than 7...Qb6 and 7...Be7} (9... Be7 10. Bf2 Qc7 11. Bd3 e5 12. Nde2 b5 13. Qd2 Nbd7 14. O-O-O Rb8 15. h3 b4 16. axb4 Rxb4 17. g4 {0-1 (57) Najer,E (2693)-Wojtaszek,R (2741) Czech Republic 2018}) 10. Bf2 Qc7 {LiveBook: 26 Games} 11. g4 g5 $146 {The position is equal.} ({Predecessor:} 11... b5 12. Bg2 Bb7 13. O-O Be7 14. h3 g5 15. f5 e5 {0-1 (67) Moiseenko,V (2558)-Zakaryan,D (2293) Sochi 2017}) 12. f5 Ne5 13. Rg1 Be7 14. Qe2 Bd7 15. O-O-O b5 16. h4 Rg8 17. Bh3 (17. hxg5 $14 hxg5 18. Kb1) 17... Rb8 $11 18. Nf3 (18. Bf1 $11 {remains equal.}) 18... a5 $17 {[%cal Ba6a5,Ba5b4][%mdl 32]} 19. Nxe5 dxe5 20. fxe6 fxe6 21. Nb1 b4 $1 22. axb4 axb4 23. hxg5 hxg5 ({But not} 23... Rxg5 $6 24. Bh4 $11) 24. Bf1 Rc8 25. Rd2 {[#]} (25. b3 $17) 25... Bc6 $1 $19 26. Bg2 Qb7 27. Re1 {[#]} Bb5 ({Better is} 27... b3 $1 $19 28. c3 Qb5) 28. Qd1 Kf7 (28... Ra8 $17 {Hoping for ...Ra1.} 29. Bg3 Ra1 30. Bxe5 Nd7 31. Rxd7 Qxd7 32. Qxd7+ Kxd7 33. Rd1+ Kc8) 29. Be3 $2 (29. Qf3 $15) 29... Kg6 30. Rh1 Rc6 $2 (30... Rh8 $19 {White must now prevent ...Bc6.} 31. Rxh8 Rxh8) 31. Rh5 $2 {[%mdl 8192]} (31. Qf3 $11 {and White has nothing to worry.}) 31... Nxh5 {Black is clearly winning.} 32. gxh5+ Kh6 33. Qg4 Rgc8 34. Qf3 {Threatens to win with Qf7.} Ba4 {[%cal Ra4c2]} 35. b3 Bxb3 36. Qf2 Rxc2+ {Precision: White = 34%, Black = 63%.} 0-1

[Event "CHN-ch Blitz Open 2018"]
[Site "Tianjin"]
[Date "2018.06.07"]
[Round "2"]
[White "Liu, Yan"]
[Black "Peng, Xiongjian"]
[Result "1-0"]
[WhiteElo "2505"]
[BlackElo "2427"]
[Annotator "TA"]
[PlyCount "72"]
[EventDate "2018.06.07"]
[EventType "blitz"]
[EventRounds "9"]
[EventCountry "CHN"]
[SourceTitle "playchess.com"]
[Source "ChessBase"]
[SourceQuality "1"]

{[%evp 17,72,13,16,-45,-40,-48,-14,-30,-3,-65,-60,-61,-58,-76,-81,-135,-132,-128,-116,-105,-84,-111,-91,-94,-44,-52,0,-105,-37,-51,-25,-161,-175,-277,-261,-313,-289,-411,-414,-360,-324,-299,1015,997,997,775,781,663,670,492,477,477,29991,29992,29992,29993,29994]} 1. Nf3 d5 2. e3 Nf6 3. c4 c6 4. Nc3 e6 5. d4 Be7 6. Qc2 Nbd7 7. Bd3 dxc4 8. Bxc4 b5 {[%cal Bb7b5,Bb5b4][%mdl 32]} 9. Bd3 Bb7 {LiveBook: 24 Games} 10. a4 {D45: Semi-Slav: 5 e3} (10. a3 $11) (10. a3 a5 11. O-O Rc8 12. Rd1 O-O 13. Qe2 b4 14. Na4 c5 15. dxc5 Qc7 16. axb4 axb4 17. Bd2 Nxc5 18. Bxb4 Nxd3 19. Bxe7 Qxe7 20. Qxd3 Bxf3 21. gxf3 {½-½ (30) Yilmaz,M (2603)-Vallejo Pons,F (2700) Gjakova 2016}) 10... b4 $1 $15 {[%cal Rb4c3]} 11. Ne4 a5 12. Nxf6+ $146 {The position is equal.} ({Predecessor:} 12. O-O Rc8 13. Rd1 O-O 14. Nc5 Bxc5 15. dxc5 Qe7 16. e4 Qxc5 17. Qe2 e5 {1-0 (27) Panchenko,A (2430)-Castillo Ruiz,J (2000) Spain 1998}) 12... Nxf6 13. Ne5 (13. e4 $11) 13... Rc8 $1 14. O-O O-O 15. Qe2 c5 16. dxc5 (16. Rd1 $142) 16... Rxc5 $17 17. f4 Qa8 18. Bd2 Rd8 19. Rfd1 h6 20. Be1 Rcd5 21. Bh4 R5d6 (21... Qa7 $15) 22. Bc2 {[#]} (22. Nc4 $11) 22... Be4 ({Black should play} 22... Bxg2 $1 $17 {[%mdl 512] aiming for ...Rxd1+.} 23. Rxd6 (23. Qxg2 Qxg2+) 23... Rxd6) 23. Rxd6 $15 Rxd6 24. Rd1 (24. Nc4 $11 {and White has nothing to worry.} Rd8 25. Rc1) 24... Bxc2 $1 $19 25. Qxc2 {[#]} (25. Rxd6 $142 Bxd6 26. Qxc2) 25... Qe4 $1 {[%cal Re4c2]} 26. Qc8+ Kh7 27. Re1 (27. Qc1 $142 Rxd1+ 28. Qxd1 Qxe3+ 29. Kh1) 27... Rd2 {[%csl Gd2][%cal Re4g2]} 28. Bf2 Rxb2 29. Nxf7 {Strongly threatening Qh8+.} Qc2 $4 {[%mdl 8192] [#]} (29... Ng8 $19 30. Ne5 b3 31. Qxe6 Nf6) 30. Qh8+ $1 $18 Kg6 31. Ne5+ Kf5 32. Rf1 Rb1 {And now ...Rxf1+ would win.} 33. Qxg7 {[%csl Ge5][%cal Rg7g6]} Rxf1+ 34. Kxf1 {[%csl Ge5][%cal Rg7g6]} Qb1+ (34... Qd1+ $18 35. Be1 Ke4 36. Qxe7 Nd5) 35. Be1 {[%csl Ge5][%cal Rg7g6]} Ke4 36. Qg6+ Kd5 {Precision: White = 53%, Black = 46%.} 1-0

[Event "CHN-ch Blitz Open 2018"]
[Site "Tianjin"]
[Date "2018.06.07"]
[Round "2"]
[White "Fang, Yuxiang"]
[Black "Wan, Yunguo"]
[Result "0-1"]
[WhiteElo "2499"]
[BlackElo "2499"]
[Annotator "TA"]
[PlyCount "102"]
[EventDate "2018.06.07"]
[EventType "blitz"]
[EventRounds "9"]
[EventCountry "CHN"]
[SourceTitle "playchess.com"]
[Source "ChessBase"]
[SourceQuality "1"]

{[%evp 11,102,13,22,0,0,0,0,0,5,0,40,16,24,-6,-12,-18,-25,-21,-25,-25,-25,-31,-16,-15,-8,-23,0,0,0,-9,-11,-4,0,-28,-39,-60,-22,-37,-40,-117,-7,-8,-12,-74,-53,-90,-36,-41,-37,-109,-89,-91,-62,-66,-15,-31,-25,-28,-40,-155,-57,-82,-79,-147,-136,-427,-410,-770,-753,-750,-731,-732,-680,-723,-523,-527,-531,-516,-511,-490,-489,-509,-491,-1306,-1208,-890,-903,-891,-857,-854,-838,-1037,-984]} 1. Nf3 Nf6 2. b3 g6 3. Bb2 Bg7 4. g3 b5 5. Bg2 Bb7 6. O-O {A05: Übergänge in verschiedene Eröffnungen} O-O {LiveBook: 6 Partien} 7. c4 (7. Na3 b4 8. Nc4 c5 9. a3 d5 10. Nce5 a5 11. axb4 axb4 12. Rxa8 Bxa8 {1-0 (65) Harikrishna,P (2737)-Morozevich,A (2711) Berlin 2015}) 7... bxc4 8. bxc4 {Die Stellung ist ausgeglichen.} Na6 9. Nc3 $146 ({Vorgänger:} 9. d3 Rb8 10. Bc3 Nc5 11. Nbd2 d6 12. Nb3 Na4 {½-½ (28) Helmer,J (2113)-Nitz,M (2133) ICCF email 2013}) 9... Rb8 {...Lxf3 ist eine echte Drohung.} 10. Rb1 Nc5 11. Ba1 d6 12. d3 e5 13. Nd2 Bxg2 14. Kxg2 Rxb1 15. Qxb1 Qa8+ 16. Kg1 Rb8 17. Qc2 Ne6 18. Rb1 Nd4 (18... Rxb1+ {seems wilder.} 19. Qxb1 Nd7 20. Bb2 Qb7 21. Qc2 Qa6) 19. Rxb8+ Qxb8 20. Qb2 Qa8 21. e3 Ne6 22. Nde4 (22. Qb3 {with more complications.} Nd7 23. Bb2 Ndc5 24. Qc2 f5 25. Ba3) 22... Nxe4 23. dxe4 c6 24. Qa3 Qb8 25. Qb3 ({Günstiger ist} 25. Kg2 $15) 25... Qc7 (25... Qxb3 $17 26. axb3 Nc5) 26. Bb2 $11 Nc5 27. Qa3 (27. Qd1 $11) 27... Qb8 28. Bc1 Bf8 (28... Qb7 $17) 29. Qb2 $15 Qc8 30. Kg2 (30. Qc2 $1 $15) 30... Ne6 31. h4 g5 32. Qe2 Be7 (32... gxh4 $15 33. Qg4+ Kh8 34. gxh4 Nf4+ $1 {[%mdl 512]} 35. Kg3 Qxg4+ 36. Kxg4 Nd3) 33. hxg5 Nxg5 34. Qh5 Qa6 35. f4 (35. Qe2 $1 $15) 35... Ne6 ({Lieber} 35... Qxc4 $17 36. Bb2 Ne6 37. Qg4+ Kf8) 36. Qg4+ {[#]} Kf8 $1 37. Qh5 (37. Qe2 $142) 37... Qxc4 $17 38. Qxh7 $2 {[%mdl 8192]} (38. Bd2 $17) 38... Bf6 $19 39. f5 (39. Ba3 $142 Ke7 40. Qf5) 39... Ng5 {Schwarz steht klar auf Gewinn.} 40. Qh6+ Ke7 41. Bd2 Qd3 42. Be1 Qxe3 43. Kf1 Qf3+ 44. Kg1 Nxe4 45. Nxe4 Qxe4 46. Bf2 Qxf5 47. Bxa7 (47. Qd2 $142) 47... Qb1+ 48. Kg2 Qxa2+ 49. Bf2 Qd5+ 50. Kg1 c5 51. g4 Qd1+ {Precision: Weiß = 20%, Schwarz = 50%.} 0-1

[Event "CHN-ch Blitz Open 2018"]
[Site "Tianjin"]
[Date "2018.06.07"]
[Round "2"]
[White "Ye, Rongguang"]
[Black "Dai, Changren"]
[Result "0-1"]
[WhiteElo "2461"]
[BlackElo "2430"]
[Annotator "TA"]
[PlyCount "66"]
[EventDate "2018.06.07"]
[EventType "blitz"]
[EventRounds "9"]
[EventCountry "CHN"]
[SourceTitle "playchess.com"]
[Source "ChessBase"]
[SourceQuality "1"]

{[%evp 17,66,-7,-14,-23,-20,-28,-29,-48,-16,-11,-14,-20,-24,-39,-16,-16,0,-27,14,10,20,-24,-12,-46,-47,-75,-32,-54,-46,-72,-34,-41,-21,-20,-4,-12,0,-40,95,102,137,-58,0,-215,308,-139,-132,-153,-177,-202,-170]} 1. c4 e6 2. Nf3 Nf6 3. Nc3 d5 4. d4 Be7 5. Bf4 O-O 6. e3 Nbd7 7. Be2 dxc4 {D37: Queen's Gambit Declined: 5 Bf4} 8. Bxc4 a6 (8... c5 9. dxc5 Bxc5 10. O-O a6 11. Bd6 Bxd6 12. Qxd6 Nb6 13. Qxd8 Rxd8 14. Be2 Bd7 15. Ne5 {½-½ (27) Dreev,A (2653)-Sargissian,G (2677) chess.com INT 2018}) 9. O-O b5 {LiveBook: 4 Games. The position is equal.} 10. Bd3 Bb7 11. Rc1 c5 12. Qe2 Qb6 13. Rfd1 Rac8 14. Bb1 cxd4 15. exd4 $146 ({Predecessor:} 15. Nxd4) 15... Rfe8 16. Ne5 Nf8 17. h3 Nd5 18. Nxd5 Bxd5 19. b3 (19. Bxh7+ $5 Nxh7 20. Qh5 $11) 19... Qb7 20. Qg4 Ng6 21. Bh2 {[%cal Re5g6]} Bf6 22. Bd3 Red8 23. Bf1 Qe7 24. Nd3 Rxc1 25. Rxc1 Qa3 26. Rc2 h6 27. Nc5 Ne7 (27... Bc6 $15 {stays ahead.}) 28. Bc7 $1 $16 {[%cal Rc7d8]} Rc8 29. Bg3 $2 (29. Nd7 $16 Bg5 30. h4) 29... Nf5 (29... Rc6 $15) 30. Rd2 $2 {[#]} (30. Nd7 $11 {and White has nothing to worry.} Rxc2 31. Nxf6+ Kh8 32. Nxd5) 30... Nxd4 $4 {[%mdl 8192]} (30... h5 $1 $19 {[%cal Rh5g4][%mdl 512] and all is fine.} 31. Qxh5 Bxd4 32. Rxd4 Nxd4) 31. Nd3 $2 (31. Nd7 $18 Qe7 32. Nxf6+ Qxf6 33. Rxd4) 31... Qa5 $17 {Black is clearly better.} 32. Rd1 Nf5 ({Stronger than} 32... Qxa2 33. Be5 $11) 33. Nf4 Ba8 {Precision: White = 21%, Black = 25%.} 0-1

[Event "CHN-ch Blitz Open 2018"]
[Site "Tianjin"]
[Date "2018.06.07"]
[Round "2"]
[White "Chen, Qi b"]
[Black "Yu, Yangyi"]
[Result "0-1"]
[WhiteElo "2432"]
[BlackElo "2759"]
[Annotator "TA"]
[PlyCount "82"]
[EventDate "2018.06.07"]
[EventType "blitz"]
[EventRounds "9"]
[EventCountry "CHN"]
[SourceTitle "playchess.com"]
[Source "ChessBase"]
[SourceQuality "1"]

{[%evp 15,82,32,37,0,-5,-1,-7,0,8,14,77,34,43,8,39,20,23,6,10,-14,0,-5,-6,-65,-50,-54,-43,-50,-51,-51,-50,-49,-45,-51,-16,-70,-61,-111,-108,-117,-117,-116,-112,-116,-100,-160,-171,-177,-137,-247,-237,-243,-233,-272,-286,-316,-310,-568,-377,-656,-658,-671,-743,-29991,-5555,-29989,-29990,-29990,-29991]} 1. e4 e5 2. Nf3 Nf6 3. Nxe5 d6 4. Nf3 Nxe4 5. d4 d5 6. Bd3 Nc6 {[%cal Bb8c6,Bc6b4,Bb4d3][%mdl 32]} 7. O-O Be7 8. Nbd2 Nd6 {LiveBook: 26 Games. C42: Petroff Defence: 3 Nxe5 and unusual White 3rd moves} (8... Bf5 9. Re1 Nxd2 10. Qxd2 Bxd3 11. Qxd3 O-O 12. c3 h6 13. Bf4 Bd6 14. Bg3 Qd7 15. Re3 Rfe8 16. Rae1 Rxe3 17. Rxe3 a6 18. Bxd6 Qxd6 19. Nh4 Qd7 20. Qf5 {½-½ (35) Karjakin,S (2753)-Mamedyarov,S (2804) Wijk aan Zee 2018}) 9. Re1 Nb4 10. Nf1 Nxd3 {The position is equal.} 11. Qxd3 Bf5 $146 ({Predecessor:} 11... O-O 12. Bf4 Re8 13. Ng3 a5 14. Re2 b6 15. Bxd6 Bxd6 16. Rxe8+ Qxe8 {1-0 (41) Cipka,I (2472)-Priam,S (2169) ICCF email 2008}) 12. Qb3 Be4 (12... Be6 $11 {keeps the balance.}) 13. Ng3 O-O 14. Bf4 Re8 (14... Bxf3 $5 15. Qxf3 c6 $11) 15. Nxe4 dxe4 16. Nd2 Bg5 17. Qg3 h6 18. Bxd6 {[#] Black must now prevent Be5.} Bxd2 19. Bxc7 (19. Be5 $11 f6 20. Bxc7 Qxd4 21. Qb3+ Kh7 22. c3) 19... Qxd4 $15 20. c3 $1 {[%cal Rc3d4]} Qc5 21. Re2 e3 22. fxe3 $1 Rxe3 23. Rxe3 Bxe3+ 24. Kh1 Bf2 25. Qf4 ({White should play} 25. Qf3 $11) 25... Re8 26. Rf1 Re2 27. Bd6 Qe3 $40 {[%mdl 128] White is in trouble.} 28. Qxe3 Bxe3 $17 {[%mdl 4096] Endgame KRB-KRB} 29. Ba3 f5 30. g3 (30. h4 $142) 30... g6 {[%cal Bg7g6,Bg6g5,Bg5g4][%mdl 32]} 31. Rd1 g5 32. Rd7 (32. Rf1 $17 {was worth a try.}) 32... g4 {[#] ( -> ...Re1+)} 33. Rd1 Kf7 34. Rf1 Ke6 35. c4 h5 36. c5 $2 (36. Bb4 {was necessary.} Rxb2 37. Re1 Rxb4 38. Rxe3+ Kf6 39. c5) 36... Ke5 37. Rd1 $2 (37. b4 Rc2 38. Re1) 37... Ke4 $19 38. Rf1 f4 39. gxf4 Bxf4 (39... h4 $142 40. Rg1 Bxg1 41. b3 Be3 42. Bb4 g3 43. hxg3 hxg3 44. Bc3 Rh2#) 40. Rd1 Rxh2+ 41. Kg1 g3 {Precision: White = 19%, Black = 76%.} 0-1

[Event "CHN-ch Blitz Open 2018"]
[Site "Tianjin"]
[Date "2018.06.07"]
[Round "2"]
[White "Chu, Wei Chao"]
[Black "Xu, Yinglun"]
[Result "1/2-1/2"]
[WhiteElo "2399"]
[BlackElo "2536"]
[Annotator "TA"]
[PlyCount "33"]
[EventDate "2018.06.07"]
[EventType "blitz"]
[EventRounds "9"]
[EventCountry "CHN"]
[SourceTitle "playchess.com"]
[Source "ChessBase"]
[SourceQuality "1"]

{[%evp 12,33,21,-31,39,40,29,20,28,17,46,37,39,20,27,35,33,0,25,0,37,0,28,0]} 1. Nf3 Nf6 2. c4 e6 3. d4 d5 4. g3 dxc4 5. Bg2 Bb4+ 6. Nbd2 O-O 7. O-O {LiveBook: 59 Games} (7. a3 $11 Bxd2+ 8. Bxd2) 7... Bxd2 {E04: Open Catalan: 5 Nf3} (7... b5 $15) (7... b5 8. a4 c6 9. axb5 cxb5 10. Ng5 Nd5 11. e4 Ne7 12. e5 Nd5 13. Nxh7 Kxh7 14. Qh5+ Kg8 15. Ne4 f6 16. Nxf6+ gxf6 17. Qg6+ Kh8 18. Qh5+ Kg8 {½-½ (18) Ivanchuk,V (2732)-Hou,Y (2649) Shenzhen 2017}) 8. Bxd2 $14 Bd7 {[%cal Bc8d7,Bd7c6,Bc6d5][%mdl 32]} 9. Qc2 Bc6 {The position is equal.} 10. Qxc4 $146 ({Predecessor:} 10. Bg5 h6 11. Bxf6 Qxf6 12. Qxc4 Rd8 13. Rfd1 Nd7 14. Rac1 {½-½ (39) Borisovs,L (2240)-Szabo,M (2200) LSS email 2011}) 10... Nbd7 11. Rfd1 Bd5 12. Qc2 Be4 13. Qb3 Bd5 14. Qc2 Be4 15. Qb3 Bd5 16. Qc2 Be4 17. Qb3 1/2-1/2

[Event "CHN-ch Blitz Open 2018"]
[Site "Tianjin"]
[Date "2018.06.07"]
[Round "2"]
[White "Zhao, Yuanhe"]
[Black "Zhao, Jun"]
[Result "1-0"]
[WhiteElo "2379"]
[BlackElo "2611"]
[Annotator "TA"]
[PlyCount "79"]
[EventDate "2018.06.07"]
[EventType "blitz"]
[EventRounds "9"]
[EventCountry "CHN"]
[SourceTitle "playchess.com"]
[Source "ChessBase"]
[SourceQuality "1"]

{[%evp 21,79,19,36,13,8,6,11,8,22,30,35,-7,25,-5,44,0,0,-30,-8,-7,31,14,82,52,62,9,103,89,167,146,154,160,173,166,214,213,227,226,222,183,331,293,417,431,430,411,514,500,806,777,1322,566,564,566,582,520,558,551,641,570]} 1. Nf3 Nf6 2. c4 g6 3. Nc3 Bg7 4. g3 O-O 5. Bg2 d6 6. O-O Nc6 7. d3 e5 8. Rb1 h6 9. b4 {[%cal Bb2b4,Bb4b5][%mdl 32]} Be6 10. b5 Ne7 11. Nd2 Qc8 {LiveBook: 18 Games. A26: English Opening vs King's Indian with ...Nc6 and d3} 12. Bb2 Bh3 13. a4 Bxg2 {The position is equal.} 14. Kxg2 {[#]} h5 $146 ({Predecessor:} 14... Kh7 15. Nf3 c5 16. bxc6 Qxc6 17. Qb3 g5 {0-1 (56) Nepomniachtchi,I (2705)-Nakamura,H (2816) Baku 2015}) 15. Nf3 Nd7 16. Nd5 Qd8 17. Ba3 Nc5 18. Qc2 (18. Bxc5 $5 Nxd5 19. cxd5 dxc5 20. Qb3 $14) 18... Ne6 19. Rbc1 b6 20. Bb4 $36 {[%mdl 2048] White is more active.} Nf5 21. Bc3 Nfd4 (21... Ne7 $11) 22. Bxd4 exd4 23. a5 ({White should play} 23. e4 $14) 23... Re8 (23... bxa5 $11 24. Rb1 a6) 24. Ra1 $16 Rc8 (24... bxa5 $16 25. Rfb1 Nc5) 25. axb6 $18 axb6 26. Ra7 Nc5 27. Rfa1 Ne6 28. h4 Nc5 29. R1a2 Ne6 30. Qb2 f5 (30... Rf8 $142 31. Qc1 Bf6) 31. Qc1 Rf8 (31... f4 {was necessary.} 32. gxf4 Rf8) 32. Ng5 Nc5 33. Qf4 Be5 34. Qf3 {White is clearly winning.} Bg7 (34... f4 $142) 35. Nf4 {[#] Qd5+ would kill now.} Qe8 36. Qc6 (36. Qd5+ $142 Kh8 {[#]} 37. Ra8 $3 {[%mdl 512]}) 36... Qxc6+ 37. bxc6 Bf6 38. Nxg6 Rfe8 39. Nf4 Kg7 40. Nd5 {Precision: White = 58%, Black = 24%.} 1-0

[Event "CHN-ch Blitz Open 2018"]
[Site "Tianjin"]
[Date "2018.06.07"]
[Round "2"]
[White "Zhao, Zhouqiao CHN"]
[Black "Lou, Yiping"]
[Result "1/2-1/2"]
[WhiteElo "2223"]
[BlackElo "2484"]
[Annotator "TA"]
[PlyCount "167"]
[EventDate "2018.06.07"]
[EventType "blitz"]
[EventRounds "9"]
[EventCountry "CHN"]
[SourceTitle "playchess.com"]
[Source "ChessBase"]
[SourceQuality "1"]

{[%evp 19,167,0,0,2,7,-2,2,4,20,11,105,105,98,97,97,108,100,33,30,39,31,29,33,45,35,22,131,109,158,154,223,218,236,244,295,218,214,149,121,135,156,158,156,140,147,122,143,100,103,55,92,57,90,89,89,95,122,112,191,20,52,0,6,0,88,0,54,54,54,54,88,88,88,88,88,54,54,54,83,8,8,8,8,8,54,54,54,54,103,103,103,73,103,0,103,103,103,103,103,103,103,23,103,103,103,103,103,54,103,103,74,54,103,0,103,103,103,0,103,103,103,8,8,8,23,8,103,103,103,103,103,0,299,6,6,6,304,6,392,392,368,6,6,6,322,322,256,0,24,-29985]} 1. d4 Nf6 2. Nf3 g6 3. Bf4 Bg7 4. c3 O-O 5. h3 d6 6. e3 c5 7. dxc5 {A48: 1 d4 Nf6 2 Nf3 g6: Torre, London and Colle Systems} dxc5 8. Qxd8 Rxd8 9. Bc7 Rf8 (9... Rd7 10. Bh2 Rd8 11. Nbd2 Nc6 12. Bc4 b6 13. O-O-O Bb7 14. Rhe1 Nd7 {0-1 (55) Kramnik,V (2800)-Grischuk,A (2767) Moscow 2018}) 10. Nbd2 {[%cal Bb1d2,Bd2c4,Bc4b6][%mdl 32]} Nc6 {LiveBook: 5 Games} 11. Bb5 Bd7 12. O-O $146 ({Predecessor:} 12. Be2 Rac8 13. Bh2 Na5 14. Nb3 Nxb3 15. axb3 {1-0 (46) Cori Tello,J (2601)-Vovk,A (2637) Escaldes 2016}) 12... a6 13. Be2 Rac8 14. Bh2 h6 (14... Na5 $11) 15. Nc4 $16 Be6 16. Nb6 $1 Rce8 17. Rfd1 Rd8 18. Bc7 (18. Nd2 $16) 18... Rxd1+ $14 19. Bxd1 Nd5 20. Nxd5 Bxd5 21. Bb6 c4 22. Be2 e5 (22... Nb8 $11 {keeps the balance.}) 23. Rd1 Be6 24. Nd2 Rc8 (24... Ne7 $16 {was necessary.} 25. Bc5 (25. Nxc4 Nd5 $16) 25... Bf6 26. Nxc4 Rc8) 25. Bxc4 $18 Bxc4 26. Nxc4 Nb4 27. Nd6 (27. cxb4 Rxc4 28. b3 Rc6 $16) 27... Rc6 28. cxb4 Rxb6 {[%mdl 4096] Endgame KRB-KRN} 29. a3 Bf8 30. Nc4 Re6 31. e4 b5 32. Na5 f5 33. f3 h5 34. Rd5 Bh6 35. Nb7 Bc1 36. Nc5 Rc6 37. exf5 (37. Rxe5 $6 Bxb2 38. Re8+ Kf7 $11) 37... Bxb2 38. fxg6 Kg7 (38... Rxg6 $16 39. Nd3 Bxa3) 39. Rd3 $2 (39. Nd3 $18 Bxa3 40. Rd7+ (40. Nxe5 Rc1+ 41. Kf2 Rc2+ 42. Ke3 Rxg2 $16) (40. Rxe5 Rd6 $16) 40... Kg8 41. Kf2 (41. Nxe5 Rc1+ 42. Kf2 Bxb4 $18)) 39... Kxg6 40. Ne4 Bd4+ 41. Kh2 Rc2 {[#]} (41... h4 $1 $11) 42. Nc5 (42. h4 $1 $16) 42... Bxc5 (42... h4 $11) 43. bxc5 $14 Rxc5 $11 {KR-KR} 44. Rd6+ Kg5 45. Rxa6 Rc3 46. Ra5 Rb3 47. Ra8 h4 48. Rg8+ Kf5 {[#]} 49. Rb8 (49. Rg4 $1 $16) 49... Rxa3 50. Rxb5 Ra4 51. Rb8 Ra7 52. Rf8+ Kg5 53. Rg8+ Kf5 54. Rg4 Rh7 55. Ra4 Rh8 56. Rg4 Rh7 $1 57. Kg1 Rh8 58. Kf2 Rh7 59. Ke3 Rh8 60. Rg7 ({White should try} 60. Rb4 $16) 60... Rh6 (60... Kf6 $11 61. Rg4 Rh6) 61. Rf7+ $16 Ke6 62. Ra7 {aiming for Ra6+.} Kf5 63. Ra8 Rg6 64. Kf2 Rb6 65. Rg8 Ra6 66. Kg1 (66. Rg4 $16) 66... Rb6 (66... Ra1+ $11 67. Kh2 Ra6) 67. Rg4 Rh6 68. Kf2 Rh7 $1 69. Ra4 Rh8 70. Ke3 (70. Re4 $16) 70... Rg8 $11 71. Ra5 ({Don't play} 71. Rxh4 Rxg2 72. Rh6 Rb2 $16) 71... Rb8 72. Kf2 Rh8 (72... Rb4 $11) 73. Ra4 $16 Rh7 74. Rg4 Rh6 75. Rg8 (75. Rc4 $16) 75... e4 $2 {[%mdl 8192]} (75... Ra6 $1 $11 {and Black has nothing to worry.}) 76. g3 $2 (76. Rf8+ $18 Ke6 77. Re8+ Kf6 78. Rxe4) 76... hxg3+ $11 77. Kxg3 {next Rf8+ is good for White.} Ra6 $2 {[%mdl 8192]} (77... exf3 $11 78. Rf8+ Rf6) 78. h4 $2 (78. Rf8+ $18 Ke6 79. fxe4) 78... Ra1 $2 {[%mdl 8192]} (78... exf3 $11 {and Black stays safe.} 79. Rc8 (79. Kxf3 Ra3+ 80. Ke2 Rh3 $11) 79... Kg6) 79. Rg5+ $18 Kf6 {Hoping for ...e3.} 80. Kf2 $2 (80. fxe4 $18 Re1 81. Kf3) 80... Rh1 $11 81. Rg4 Rh2+ $2 {[%mdl 8192]} (81... exf3 $11 {and Black is okay.} 82. Kxf3 Kf5) 82. Kg3 $18 Ra2 {intending ...exf3.} 83. Rg5 $2 ({But not} 83. Rxe4 $6 Ra1 $16) (83. fxe4 $18 {And now h5 would win.} Ra5 84. Rf4+ Ke6 85. Rf1) 83... exf3 84. Rf5+ $2 {[%mdl 40960] Precision: White = 36%, Black = 36%. . An unexpected result.} (84. Kxf3 $11 Rh2 85. Rg4) 1/2-1/2